| 000 | 005710000a22001810004500 | ||
|---|---|---|---|
| 003 | MACL | ||
| 005 | 20160407154218.0 | ||
| 008 | 160407b xxu||||| |||| 00| 0 eng d | ||
| 040 |
_aMACL _cMACL |
||
| 041 | _aHindi | ||
| 082 | _a530 | ||
| 100 |
_aहरीश शर्मा _939478 |
||
| 245 | _aप्रिंटिंग प्रेस यानी छापाखाना | ||
| 260 |
_bटाइमस्टार पब्लिकेशन _c2002 _aगाजियाबाद |
||
| 350 | _a60 | ||
| 650 |
_aPhysics _951057 |
||
| 942 |
_cHIN _k530/sha/SI _2ddc |
||
| 999 |
_c18184 _d18184 |
||